000 00580nam a22001577a 4500
003 NUST
038 _aNusrat Nadeem
082 _a200
100 _aHasan, Maria
_9123504
245 _aDoping Graphene Sheets Grown by Chemical Vapor Deposition Synthesis and the Influence of Nitrogen, Oxygen and Bromine Dopants on Electrical Resistance/
_cMaria Hasan
264 _aIslamabad;
_bSNS NUST;
_c2022;
650 _aPhD- Chemistry
_9123166
700 _aSupervisor: Dr. Nasir Mahmood Ahmad
_9123505
856 _uhttp://10.250.8.41:8080/xmlui/handle/123456789/3202
942 _2ddc
_cTHE
999 _c609681
_d609681